Konvergencia v kontexte Hospodárskej a menovej únie

Konvergencia z pohľadu ekonomickej teórie. Kontroverzné otázky súvisiace s konvergenčnými procesmi v hospodárskej a menovej únii. Ekonomický rast a hospodárska a menové únia.

Salvato in:
Dettagli Bibliografici
Autore principale: Muchová, Eva, 1961-
Natura: Capitolo di libro
Lingua:slovacco
Soggetti:
Tags: Aggiungi Tag
Nessun Tag, puoi essere il primo ad aggiungerne!!

MARC

LEADER 00000naa$a2200000$$$4500
001 0083452
005 20240502071934.3
041 0 |a slo 
044 |a SK 
245 1 0 |a Konvergencia v kontexte Hospodárskej a menovej únie  |c Eva Muchová 
520 |a Konvergencia z pohľadu ekonomickej teórie. Kontroverzné otázky súvisiace s konvergenčnými procesmi v hospodárskej a menovej únii. Ekonomický rast a hospodárska a menové únia. 
610 2 0 |a konvergencia 
610 2 0 |a rast hospodársky 
610 2 0 |a integrácia ekonomická medzinárodná 
610 2 0 |a Európska menová únia 
610 2 0 |a Európska únia 
610 2 0 |a spolupráca hospodárska medzinárodná 
100 1 |a Muchová, Eva, 1961-